Díszdiploma-átadás a bölcsészettudományi karon
Elmentve itt :
| Dokumentumtípus: | Cikk |
|---|---|
| Megjelent: |
2005-09-24
|
| Sorozat: | Délmagyarország
95 No. 224 |
| Kulcsszavak: | Jubileumi diplomaosztó, bölcsész kar |
| Online Access: | http://dmarchiv.bibl.u-szeged.hu/126192 |
| LEADER | 00449nab a2200145 i 4500 | ||
|---|---|---|---|
| 001 | delm126192 | ||
| 005 | 20191129151224.0 | ||
| 008 | 191129s2005 hu o 0|| hun d | ||
| 040 | |a SZTE Délmagyarország Archívum |b hun | ||
| 041 | |a hun | ||
| 245 | 0 | 0 | |a Díszdiploma-átadás a bölcsészettudományi karon |h [elektronikus dokumentum] |
| 260 | |c 2005-09-24 | ||
| 300 | |a 14 | ||
| 490 | 0 | |a Délmagyarország |v 95 No. 224 | |
| 695 | |a Jubileumi diplomaosztó, bölcsész kar | ||